Performance Anomalies/ (Record no. 208212)
[ view plain ]
| 000 -LEADER | |
|---|---|
| fixed length control field | 00551 a2200181 4500 |
| 005 - DATE AND TIME OF LATEST TRANSACTION | |
| control field | 20250108152117.0 |
| 010 ## - LCCN (DPL NO) | |
| LC control number | ENG-143231 |
| 020 ## - INTERNATIONAL STANDARD BOOK NUMBER | |
| International Standard Book Number | 9781938409226 |
| Terms of availability | 3947.00 |
| 035 ## - SYSTEM CONTROL NUMBER | |
| System control number | EN-126763 |
| 037 ## - SOURCE OF ACQUISITION | |
| Source of stock number/acquisition | DBAD |
| 082 ## - DEWEY DECIMAL CLASSIFICATION NUMBER | |
| Classification number | 320.95895 |
| 100 ## - MAIN ENTRY--PERSONAL NAME | |
| Personal name | Robert, Lee Victor |
| 245 ## - TITLE STATEMENT | |
| Title | Performance Anomalies/ |
| Statement of responsibility, etc | By Lee Victor Robert |
| 260 ## - PUBLICATION, DISTRIBUTION, ETC. (IMPRINT) | |
| Place of publication, distribution, etc | United States of America |
| Name of publisher, distributor, etc | Perimeter Six |
| Date of publication, distribution, etc | 2012 |
| 270 ## - ADDRESS | |
| Address | Library Of Congress |
| City | United States of America |
| 300 ## - PHYSICAL DESCRIPTION | |
| Extent | 278p. |
| Dimensions | 24cm(hb) |
| 942 ## - ADDED ENTRY ELEMENTS (KOHA) | |
| Institution code [OBSOLETE] | dpl |
| Item type | English Books |
| Source of classification or shelving scheme | Dewey Decimal Classification |
| Classification part | 320.95895 |
| Call number suffix | LEE |
| Withdrawn status | Lost status | Not for loan | Collection code | Home library | Current library | Date acquired | Source of acquisition | Cost, normal purchase price | Full call number | Barcode | Copy number | Cost, replacement price | Koha item type |
|---|---|---|---|---|---|---|---|---|---|---|---|---|---|
| Non-fiction | Ashok Vihar | Ashok Vihar | 08/01/2025 | Delivery of Books Division | 3947.00 | 320.95895 LEE | EN-126763 | 1 | 3947.00 | English Books |
